| 000 | 00918nam a22002657a 4500 | ||
|---|---|---|---|
| 003 | DO-SdBNP | ||
| 005 | 20250204073953.0 | ||
| 007 | ta | ||
| 008 | 230605b19-- dr ||||| |||| 00| 0 spa d | ||
| 040 |
_aDO-SdBNP _bspa _cBNPHU _erda |
||
| 082 | 4 |
_a306.4097293 _bS127a _222 |
|
| 100 | 1 |
_aLebrón Saviñon, Mariano _d1922-2014 _eautor _97227 |
|
| 245 | 1 | 0 |
_aNotas para la historia de la cultura : _bluces y sombras del mediolvo / _cMariano Lebrón Saviñón |
| 264 | 1 |
_aSanto Domingo : _bs.n., _c19--. |
|
| 300 |
_a200 páginas ; _c25 cm. |
||
| 336 |
_2rdacontent _atexto _btxt |
||
| 337 |
_2rdamedia _asin mediación _bn |
||
| 338 |
_2rdacarrier _avolumen _bnc |
||
| 590 | _aInventariado, 2023/BT | ||
| 650 | 4 |
_aIdentidad cultural _zRepública Dominicana _xHistoria _91951 |
|
| 650 | 4 |
_aCultura _zRepública Dominicana _91983 |
|
| 651 | 4 |
_aRepública Dominicana _xCivilización _97739 |
|
| 910 | _aBtavárez | ||
| 942 |
_2ddc _cLBS1 |
||
| 999 |
_c53710 _d53710 |
||